000 00427cam a2200181ua 4500
001 3318
008 111017n ii |||gr||||Z||||||asm
040 _cMAIN
082 _a891.4513
100 1 _aDas, Jogesh,
_eAuthor.
245 1 1 _aDawor aru nai
_cby Jogesh Das
250 _a7th.
260 _aGuahati:
_bChetana Prakash,988.
300 _a151p:
_c23cm.
653 _aAssamese novel
653 _aDawor aru nai
942 _cBK
999 _c3163
_d3163